東京大 累計合格者数が100人以上の高校 - Statistics

General Stats
  • This quiz has been taken 407 times
  • The average score is 94 of 286
Answer Stats
高校 所在地 設置 共別 合格者数 % Correct
兵庫 6338
97%
開成 東京 8656
96%
ラ・サール 鹿児島 3882
91%
筑波大附駒場 東京 5542
81%
日比谷 東京 3563
80%
西 東京 3289
80%
麻布 東京 5716
77%
浦和 埼玉 2804
77%
富山 富山 578
75%
渋谷教育学園幕張 千葉 1006
74%
千葉 千葉 2092
73%
横浜翠嵐 神奈川 810
72%
筑波大附 東京 3764
71%
聖光学院 神奈川 1974
70%
洛南 京都 1216
69%
武蔵 東京 3095
68%
静岡 静岡 758
68%
武蔵 東京 212
68%
東大寺学園 奈良 1403
67%
宇都宮 栃木 988
67%
札幌南 北海道 755
67%
西大和学園 奈良 685
65%
桜蔭 東京 2471
64%
富山中部 富山 1090
64%
北野 大阪 647
64%
岡山 岡山 118
64%
東海 愛知 1438
63%
岐阜 岐阜 1059
63%
水戸第一 茨城 1037
63%
高崎 群馬 758
63%
久留米大学附設 福岡 1771
62%
前橋 群馬 768
62%
仙台第二 宮城 516
62%
札幌北 北海道 452
62%
長野 長野 890
61%
栄光学園 神奈川 3419
60%
熊本 熊本 1173
60%
新潟 新潟 708
60%
仙台第一 宮城 442
60%
岡崎 愛知 1200
59%
国立 東京 957
58%
秋田 秋田 525
58%
福島 福島 440
58%
神戸 兵庫 377
58%
大宮 埼玉 228
58%
湘南 神奈川 2429
57%
愛光 愛媛 1835
57%
高松 香川 1190
57%
船橋 千葉 431
57%
渋谷教育学園渋谷 東京 330
57%
青森 青森 276
57%
新宿 東京 1646
56%
土浦第一 茨城 1074
55%
早稲田 東京 648
55%
旭丘 愛知 1967
54%
浅野 神奈川 1011
54%
女子学院 東京 931
54%
盛岡第一 岩手 625
54%
山形東 山形 613
54%
山口 山口 291
54%
駒場 東京 136
54%
四日市 三重 382
53%
東京学芸大附 東京 4457
52%
高岡 富山 1026
52%
浜松北 静岡 788
51%
三重 301
51%
甲陽学院 兵庫 1522
50%
修猷館 福岡 1045
50%
一宮 愛知 561
50%
福岡 福岡 303
50%
膳所 滋賀 197
50%
駒場東邦 東京 2421
49%
広島大附 広島 1004
49%
金沢泉丘 石川 437
48%
海城 東京 1693
47%
立川 東京 898
47%
松本深志 長野 878
47%
天王寺 大阪 443
47%
巣鴨 東京 1346
46%
大分上野丘 大分 595
46%
奈良 奈良 122
46%
戸山 東京 2869
45%
市川 千葉 307
45%
岡山朝日 岡山 889
44%
大阪星光学院 大阪 717
44%
川越 埼玉 497
44%
八戸 青森 233
44%
洛星 京都 1007
43%
お茶の水女子大附 東京 710
43%
丸亀 香川 436
43%
桐蔭 和歌山 219
43%
小石川 東京 1729
42%
鶴丸 鹿児島 1055
42%
青雲 長崎 710
42%
長崎西 長崎 263
42%
弘前 青森 191
42%
豊島岡女子学園 東京 445
41%
佐賀西 佐賀 331
40%
鳥取西 鳥取 316
40%
栄東 埼玉 212
40%
広島学院 広島 1488
39%
藤島 福井 699
39%
函館ラ・サール 北海道 221
39%
青山 東京 806
38%
小倉 福岡 554
38%
松江北 島根 355
38%
米子東 鳥取 193
38%
雙葉 東京 432
37%
八王子東 東京 334
37%
松山東 愛媛 289
37%
長岡 新潟 249
37%
白陵 兵庫 879
36%
土佐 高知 514
36%
東京 467
35%
上田 長野 428
35%
刈谷 愛知 308
34%
春日部 埼玉 268
34%
旭川東 北海道 244
34%
長田 兵庫 234
34%
富士 東京 600
33%
姫路西 兵庫 515
33%
智辯学園和歌山 和歌山 506
33%
熊谷 埼玉 470
33%
宮崎西 宮崎 418
33%
攻玉社 東京 360
33%
安積 福島 344
33%
栃木 栃木 285
33%
富士 静岡 233
33%
長崎東 長崎 224
32%
出雲 島根 146
32%
茨木 大阪 135
32%
桐朋 東京 1843
31%
愛知 430
31%
高田 三重 430
31%
高田 新潟 207
31%
修道 広島 751
30%
時習館 愛知 670
30%
東葛飾 千葉 531
30%
フェリス女学院 神奈川 470
30%
江戸川学園取手 茨城 340
30%
甲府南 山梨 330
30%
加古川東 兵庫 210
30%
済々黌 熊本 158
30%
堀川 京都 115
30%
沼津東 静岡 531
29%
明和 愛知 404
29%
岡山白陵 岡山 401
29%
磐城 福島 331
29%
小田原 神奈川 289
29%
本郷 東京 133
29%
宇都宮女子 栃木 113
29%
太田 群馬 248
28%
小松 石川 190
28%
神戸女学院高等学部 兵庫 153
28%
横須賀 神奈川 361
27%
下関西 山口 316
27%
大手前 大阪 283
27%
桐蔭学園 神奈川 1769
26%
六甲学院 兵庫 331
26%
三国丘 大阪 245
26%
金沢大附 石川 1253
25%
広島大附福山 広島 734
25%
厚木 神奈川 442
25%
筑紫丘 福岡 282
25%
宮崎大宮 宮崎 256
25%
大垣北 岐阜 218
25%
飯田 長野 214
25%
高槻 大阪 140
25%
城北 東京 501
24%
浦和第一女子 埼玉 150
24%
宇部 山口 211
23%
伊勢 三重 170
23%
津山 岡山 168
23%
徳島文理 徳島 151
23%
佐世保北 長崎 119
23%
豊中 大阪 101
23%
東筑 福岡 215
22%
木更津 千葉 154
22%
今治西 愛媛 249
21%
清風南海 大阪 245
21%
徳島市立 徳島 233
21%
徳山 山口 209
21%
甲南 鹿児島 177
21%
明善 福岡 152
21%
足利 栃木 151
21%
彦根東 滋賀 114
21%
長崎北 長崎 108
21%
千葉東 千葉 104
21%
小山台 東京 848
20%
北嶺 北海道 232
20%
松江南 島根 167
20%
両国 東京 1379
19%
上野 東京 677
19%
岡山操山 岡山 390
19%
岡山大安寺 岡山 211
19%
諫早 長崎 108
19%
高志 福井 261
18%
南山 愛知 204
18%
会津 福島 172
18%
大阪教育大附 大阪 171
18%
長崎南 長崎 133
18%
開智 埼玉 183
17%
大分舞鶴 大分 173
17%
高津 大阪 155
17%
大田原 栃木 105
17%
掛川西 静岡 102
17%
桐光学園 神奈川 101
17%
昭和薬科大附 沖縄 100
17%
千種 愛知 431
16%
清水東 静岡 404
16%
城南 徳島 278
16%
駿台甲府 山梨 162
16%
横手 秋田 118
16%
サレジオ学院 神奈川 182
15%
半田 愛知 175
15%
三田 東京 163
15%
武生 福井 139
15%
智辯学園 奈良 123
15%
吉田 山梨 117
15%
逗子開成 神奈川 112
15%
韮山 静岡 264
14%
東邦大付東邦 千葉 208
14%
柏陽 神奈川 195
14%
多摩 神奈川 116
14%
菊里 愛知 115
14%
諏訪清陵 長野 334
13%
横浜雙葉 神奈川 141
13%
國學院大學久我山 東京 117
13%
暁星 東京 537
12%
大泉 東京 337
12%
甲府第一 山梨 321
12%
磐田南 静岡 221
12%
倉敷青陵 岡山 186
12%
奈良学園 奈良 145
12%
藤枝東 静岡 130
12%
九段 東京 405
11%
大阪教育大附池田 大阪 277
11%
学習院高等科 東京 219
11%
鶴岡南 山形 109
11%
大阪教育大附天王寺 大阪 211
10%
竹早 東京 152
10%
岡山芳泉 岡山 147
10%
小野 兵庫 126
10%
岡崎北 愛知 120
10%
岩田 大分 105
10%
新居浜西 愛媛 198
9%
可児 岐阜 190
9%
伊那北 長野 183
9%
世田谷学園 東京 169
9%
倉吉東 鳥取 149
9%
平塚江南 神奈川 468
8%
弘学館 佐賀 347
8%
高知学芸 高知 255
8%
長生 千葉 161
8%
真岡 栃木 114
8%
加納 岐阜 109
8%
北園 東京 358
7%
白鷗 東京 213
7%
呉三津田 広島 125
7%
淳心学院 兵庫 480
6%
成蹊 東京 380
6%
東京都立大附 東京 295
6%
創価 東京 255
6%
ノートルダム清心 広島 115
6%
光陵 神奈川 272
5%
白百合学園 東京 234
5%
大手前丸亀 香川 220
5%
清真学園 茨城 107
5%
希望ケ丘 神奈川 262
4%
横浜緑ケ丘 神奈川 241
4%
墨田川 東京 192
4%
豊多摩 東京 192
4%
野沢北 長野 160
4%
茗溪学園 茨城 108
4%
学習院女子高等科 東京 105
4%
公文国際学園高等部 神奈川 131
3%
西武学園文理 埼玉 105
3%
鷗友学園女子 東京 102
3%
千歳 東京 140
2%
穎明館 東京 115
2%
江北 東京 107
2%
奈良女子大附中教 奈良 129
1%
桐蔭学園中教 神奈川 128
1%
武蔵丘 東京 120
1%
国際基督教大学 東京 115
1%
小石川中教 東京 108
1%
No matching quizzes found
Score Distribution
Percent of People with Each Score
Percentile by Number Answered
Your Score History
You have not taken this quiz